Formation des temps de l’indicatif en latin - Statistiques

Statistiques générales
  • Ce quiz a été pris 54 fois
  • Le résultat moyen est 4 sur 9
Statistiques - réponses
Réponse % Correct
Présent simple
100%
Imparfait
84%
Futur simple
76%
Futur antérieur passif
18%
Parfait passif
18%
Plus-que-parfait passif
18%
Parfait actif
16%
Futur antérieur actif
13%
Plus-que-parfait actif
13%
Aucun quiz correspondant
Distribution des résultats
% des personnes avec chaque résultat
Percentile par nombre de réponses
Votre historique - résultats
Vous n’avez pas pris ce quiz